{"text_format":"3","workbook":"xlsx","n_sheets":7,"sheets":["OVERVIEW -->","Instructions","Line References","INPUTS -->","General Inputs","Financial Inputs","Background Data"],"not_rendered":{"defined_names":8},"read":"whole","date_system":"1900"}

{"sheet":"OVERVIEW -->","index":0,"n_rows":3,"n_cols":2,"rows_kept":3}
[null,"DATA REQUEST FORM FOR PARTIAL-YEAR DATA FOR BUSINESSES"]
[]
[null,"[This tab is intentionally blank; it is merely a placeholder to indicate the following group of \"OVERVIEW\" tabs in this workbook.]"]

{"sheet":"Instructions","index":1,"n_rows":32,"n_cols":4,"rows_kept":32,"merged":[[25,2,29,3],[31,2,34,3]]}
[null,"DATA REQUEST FORM FOR PARTIAL-YEAR DATA FOR BUSINESSES"]
[]
[null,"Instructions"]
[]
[null,"Key:"]
[]
[null,null,"Users can enter inputs/information only in the cells highlighted in yellow. "]
[]
[null,"The business should:"]
[]
[null,"A)","Provide responses in the \"General Inputs\" tab, including:"]
[null,null,"i)","Information about the business (#1-4). "]
[null,null,"ii)","Information about the time period covered by the financial data included in this response (#5-7). "]
[null,null,"iii)","Information about the individual providing this response (#8-9). "]
[null,null,"iv)","A signed certification asserting the veracity of this information and response (#10). "]
[]
[null,"B)","Provide responses in the \"Financial Inputs\" tab, including: *,**"]
[null,null,"i)","Year-to-date monthly financial data for the current partial-year for all line items in the \"Financial Inputs\" tab. "]
[null,null,"ii)","Historical monthly financial data for the last one to five years for all line items in the “Financial Inputs” tab. A minimum of one year of historical data is required, but at least three years is recommended in order to provide more information on historical patterns. Please consult with the EPA case team to understand the amount of data that should be provided. "]
[]
[{"$nulls":3},"*When entering financial data in the \"Financial Inputs\" tab, enter any negative numbers as negative numbers. "]
[{"$nulls":3},"**The \"Line References\" tab contains definitions for each line item in the \"Financial Inputs\" tab. "]
[]
[null,"C)","Provide a separate written response describing the current partial-year impacts on the business' finances. "]
[]
[null,"D)","Understand your rights of asserting a Confidential Business Information (CBI) claim. Pursuant to the regulations set forth at 40 C.F.R. Part 2, Subpart B, a business is entitled to assert a CBI claim covering any part of the submitted information, subject to EPA’s evaluation of the information’s confidential status. Unless such a confidentiality claim is asserted at the time the required information is submitted, EPA may make this information available to the public without further notice to the business. Information subject to a CBI claim may be made available to the public only to the extent set forth in the above-cited regulations."]
[]
[]
[]
[]
[]
[null,"E)","Note that the business needs to provide financial information to support its inability to pay claim. EPA cannot conclude that the business has an inability to pay without the business providing such information. See page 4 of the June 29, 2015 Guidance on Evaluating a Violator’s Ability to Pay a Civil Penalty in an Administrative Enforcement Action (https://www.epa.gov/sites/production/files/2015-06/documents/atp-penalty-evaluate-2015.pdf)."]

{"sheet":"Line References","index":2,"n_rows":15,"n_cols":3,"rows_kept":15}
[null,"DATA REQUEST FORM FOR PARTIAL-YEAR DATA FOR BUSINESSES"]
[]
[null,"Line References"]
[]
[null,"Definitions for Line Items Requested in the \"Financial Inputs\" Tab:"]
[]
[null,"Line","Definition"]
[null,"a. Total Revenues Less Returns and Allowances\n","The sum of a business' gross sales (i.e., revenues), minus returns, allowances, and discounts."]
[null,"b. Cost of Goods Sold\n","The sum of the direct materials and labor costs associated with producing the goods sold by a business."]
[null,"c. Depreciation, Depletion, and Amortization\n","These are accounting mechanisms that allow businesses to spread the costs, or allocate the values, of different types of assets over time. Generally, depreciation applies to fixed assets, depletion to natural resource assets, and amortization to intangible assets. "]
[null,"d. Net Income Before Taxes\n","Calculated as a business' total revenues less returns and allowances, minus total expenses excluding taxes. "]
[null,"e. Total Current Assets\n","The sum of a business' assets that are expected to be sold or used in the course of normal business operations within the next year (or within the next operating cycle of the business, whichever period is longer). "]
[null,"f. Total Current Liabilities\n","The sum of a business' short-term debts and financial obligations that are due within the next year (or within the next operating cycle of the business, whichever period is longer). "]
[null,"g. Total Liabilities\n","The sum of all debts and financial obligations that are owed by a business.  "]
[null,"h. Total Liabilities and Stockholders' Equity\n","The sum of all debts and financial obligations that are owed by a business, plus the residual value left to shareholders after total liabilities have been subtracted from total assets. "]

{"sheet":"INPUTS -->","index":3,"n_rows":3,"n_cols":2,"rows_kept":3}
[null,"DATA REQUEST FORM FOR PARTIAL-YEAR DATA FOR BUSINESSES"]
[]
[null,"[This tab is intentionally blank; it is merely a placeholder to indicate the following group of \"INPUTS\" tabs in this workbook.]"]

{"sheet":"General Inputs","index":4,"n_rows":23,"n_cols":9,"rows_kept":23,"merged":[[6,2,6,7],[7,2,7,7],[8,2,8,7],[9,2,9,7],[13,2,13,7],[14,2,14,7],[15,2,15,7],[19,2,19,7],[20,2,20,7],[21,2,21,7],[22,1,26,7]]}
[null,"DATA REQUEST FORM FOR PARTIAL-YEAR DATA FOR BUSINESSES"]
[]
[null,"General Inputs"]
[]
[null,"Business:"]
[]
[null,"1. Name of Business:"]
[null,"2. Primary Address of Business:"]
[null,"3. Business Activity:"]
[null,"4. Tax Return Form Filed by Business (e.g., Form 1120, Form 1120S, etc.):",{"$nulls":6},"*Select from dropdown menu. "]
[]
[null,"Financial Data Provided in \"Financial Inputs\" Tab:"]
[]
[null,"5. Most Recent Year of Partial-Year Financial Data Provided (e.g., 2020):",{"$nulls":6},"*Enter in YYYY format."]
[null,"6. Most Recent Month of Partial-Year Financial Data Provided (e.g., June):",{"$nulls":6},"*Select from dropdown menu. "]
[null,"7. Years of Historical Monthly Financial Data Provided (Minimum 1 Year):",{"$nulls":6},"*Select from dropdown menu. "]
[]
[null,"Individual Providing Response:"]
[]
[null,"8. Name of Individual Providing Response:"]
[null,"9. Role or Title of Individual Providing Response:"]
[null,"10. Certification Signature of Individual:"]
[null,"Certification: I certify under penalty of law that this information is true, correct, and complete to the best of my knowledge and belief. I have personally examined and am familiar with the information contained in this submittal, including any and all documents accompanying this certification statement. Based on my inquiry of those individuals responsible for obtaining the information, the information contained in this submittal is to the best of my knowledge and belief, true, accurate, and complete. I further understand that I may be subject to prosecution under federal and/or state law should I provide any information that is not true, correct, and complete to the best of my knowledge. I am authorized and empowered to act on behalf of the claimant."]

{"sheet":"Financial Inputs","index":5,"n_rows":81,"n_cols":14,"rows_kept":81}
[null,"DATA REQUEST FORM FOR PARTIAL-YEAR DATA FOR BUSINESSES"]
[]
[null,"Financial Data Inputs"]
[]
[null,"Year-to-Date Monthly Financial Data in Dollars for:",{"$f":"IF(ISBLANK('General Inputs'!$C$14),\"--\",'General Inputs'!$C$14)","v":"--"}]
[]
[null,"Year",{"$f":"$C5","v":"--"},"--","--","--","--","--","--","--","--","--","--","--"]
[null,"Month",1,2,3,4,5,6,7,8,9,10,11,12]
[null,"a. Total Revenues Less Returns and Allowances"]
[null,"b. Cost of Goods Sold"]
[null,"c. Depreciation, Depletion, and Amortization"]
[null,"d. Net Income Before Taxes"]
[null,"e. Total Current Assets"]
[null,"f. Total Current Liabilities"]
[null,"g. Total Liabilities"]
[null,"h. Total Liabilities and Stockholders' Equity"]
[]
[null,"Historical Monthly Financial Data in Dollars for:",{"$f":"IF(ISBLANK('General Inputs'!$C$14),\"--\",'General Inputs'!$C$14-1)","v":"--"}]
[]
[null,"Year",{"$f":"$C18","v":"--"},{"$f":"$C18","v":"--"},"--","--","--","--","--","--","--","--","--","--"]
[null,"Month",1,2,3,4,5,6,7,8,9,10,11,12]
[null,{"$f":"B9","v":"a. Total Revenues Less Returns and Allowances"}]
[null,{"$f":"B10","v":"b. Cost of Goods Sold"}]
[null,"c. Depreciation, Depletion, and Amortization"]
[null,"d. Net Income Before Taxes"]
[null,"e. Total Current Assets"]
[null,"f. Total Current Liabilities"]
[null,"g. Total Liabilities"]
[null,"h. Total Liabilities and Stockholders' Equity"]
[]
[null,"Historical Monthly Financial Data in Dollars for:",{"$f":"IF(ISBLANK('General Inputs'!$C$14),\"--\",'General Inputs'!$C$14-2)","v":"--"}]
[]
[null,"Year",{"$f":"$C31","v":"--"},{"$f":"$C31","v":"--"},"--","--","--","--","--","--","--","--","--","--"]
[null,"Month",1,2,3,4,5,6,7,8,9,10,11,12]
[null,{"$f":"B22","v":"a. Total Revenues Less Returns and Allowances"}]
[null,"b. Cost of Goods Sold"]
[null,"c. Depreciation, Depletion, and Amortization"]
[null,"d. Net Income Before Taxes"]
[null,"e. Total Current Assets"]
[null,"f. Total Current Liabilities"]
[null,"g. Total Liabilities"]
[null,"h. Total Liabilities and Stockholders' Equity"]
[]
[null,"Historical Monthly Financial Data in Dollars for:",{"$f":"IF(ISBLANK('General Inputs'!$C$14),\"--\",'General Inputs'!$C$14-3)","v":"--"}]
[]
[null,"Year",{"$f":"$C44","v":"--"},{"$f":"$C44","v":"--"},"--","--","--","--","--","--","--","--","--","--"]
[null,"Month",1,2,3,4,5,6,7,8,9,10,11,12]
[null,{"$f":"B35","v":"a. Total Revenues Less Returns and Allowances"}]
[null,"b. Cost of Goods Sold"]
[null,"c. Depreciation, Depletion, and Amortization"]
[null,"d. Net Income Before Taxes"]
[null,"e. Total Current Assets"]
[null,"f. Total Current Liabilities"]
[null,"g. Total Liabilities"]
[null,"h. Total Liabilities and Stockholders' Equity"]
[]
[null,"Historical Monthly Financial Data in Dollars for:",{"$f":"IF(ISBLANK('General Inputs'!$C$14),\"--\",'General Inputs'!$C$14-4)","v":"--"}]
[]
[null,"Year",{"$f":"$C57","v":"--"},{"$f":"$C57","v":"--"},"--","--","--","--","--","--","--","--","--","--"]
[null,"Month",1,2,3,4,5,6,7,8,9,10,11,12]
[null,{"$f":"B48","v":"a. Total Revenues Less Returns and Allowances"}]
[null,"b. Cost of Goods Sold"]
[null,"c. Depreciation, Depletion, and Amortization"]
[null,"d. Net Income Before Taxes"]
[null,"e. Total Current Assets"]
[null,"f. Total Current Liabilities"]
[null,"g. Total Liabilities"]
[null,"h. Total Liabilities and Stockholders' Equity"]
[]
[null,"Historical Monthly Financial Data in Dollars for:",{"$f":"IF(ISBLANK('General Inputs'!$C$14),\"--\",'General Inputs'!$C$14-5)","v":"--"}]
[]
[null,"Year",{"$f":"$C70","v":"--"},{"$f":"$C70","v":"--"},{"$f":"$C70","v":"--"},{"$f":"$C70","v":"--"},{"$f":"$C70","v":"--"},{"$f":"$C70","v":"--"},"--","--","--","--","--","--"]
[null,"Month",1,2,3,4,5,6,7,8,9,10,11,12]
[null,{"$f":"B61","v":"a. Total Revenues Less Returns and Allowances"}]
[null,"b. Cost of Goods Sold"]
[null,"c. Depreciation, Depletion, and Amortization"]
[null,"d. Net Income Before Taxes"]
[null,"e. Total Current Assets"]
[null,"f. Total Current Liabilities"]
[null,"g. Total Liabilities"]
[null,"h. Total Liabilities and Stockholders' Equity"]

{"sheet":"Background Data","index":6,"n_rows":19,"n_cols":11,"rows_kept":19,"hidden":true}
[null,"INTAKE FORM FOR PARTIAL-YEAR DATA FOR BUSINESSES"]
[]
[null,"Background Data"]
[]
[null,"Tax Return Forms:",null,"Months:",null,null,"Historical Years:"]
[]
[null,"Form",null,"Month","#",null,"Start","-","End","Period","#"]
[null,"Form 1120",null,"January",1,null,{"$f":"IF(ISBLANK('General Inputs'!$C$14),\"--\",'General Inputs'!$C$14-K8)","v":"--"},"-",{"$f":"IF(ISBLANK('General Inputs'!$C$14),\"--\",'General Inputs'!$C$14-1)","v":"--"},{"$f":"IF(ISBLANK('General Inputs'!$C$14),\"Please enter the 'Most Recent Year' in General Inputs #5\",\"1 Year: \"&G8)","v":"Please enter the 'Most Recent Year' in General Inputs #5"},1]
[null,"Form 1120S",null,"February",2,null,{"$f":"IF(ISBLANK('General Inputs'!$C$14),\"--\",'General Inputs'!$C$14-K9)","v":"--"},"-",{"$f":"IF(ISBLANK('General Inputs'!$C$14),\"--\",'General Inputs'!$C$14-1)","v":"--"},{"$f":"IF(ISBLANK('General Inputs'!$C$14),\"Please enter the 'Most Recent Year' in General Inputs #5\",\"2 Years: \"&G9&\"-\"&I9)","v":"Please enter the 'Most Recent Year' in General Inputs #5"},2]
[null,"Form 1065",null,"March",3,null,{"$f":"IF(ISBLANK('General Inputs'!$C$14),\"--\",'General Inputs'!$C$14-K10)","v":"--"},"-",{"$f":"IF(ISBLANK('General Inputs'!$C$14),\"--\",'General Inputs'!$C$14-1)","v":"--"},{"$f":"IF(ISBLANK('General Inputs'!$C$14),\"Please enter the 'Most Recent Year' in General Inputs #5\",\"3 Years: \"&G10&\"-\"&I10)","v":"Please enter the 'Most Recent Year' in General Inputs #5"},3]
[null,"Form 1040, Schedule C",null,"April",4,null,{"$f":"IF(ISBLANK('General Inputs'!$C$14),\"--\",'General Inputs'!$C$14-K11)","v":"--"},"-",{"$f":"IF(ISBLANK('General Inputs'!$C$14),\"--\",'General Inputs'!$C$14-1)","v":"--"},{"$f":"IF(ISBLANK('General Inputs'!$C$14),\"Please enter the 'Most Recent Year' in General Inputs #5\",\"4 Years: \"&G11&\"-\"&I11)","v":"Please enter the 'Most Recent Year' in General Inputs #5"},4]
[{"$nulls":3},"May",5,null,{"$f":"IF(ISBLANK('General Inputs'!$C$14),\"--\",'General Inputs'!$C$14-K12)","v":"--"},"-",{"$f":"IF(ISBLANK('General Inputs'!$C$14),\"--\",'General Inputs'!$C$14-1)","v":"--"},{"$f":"IF(ISBLANK('General Inputs'!$C$14),\"Please enter the 'Most Recent Year' in General Inputs #5\",\"5 Years: \"&G12&\"-\"&I12)","v":"Please enter the 'Most Recent Year' in General Inputs #5"},5]
[{"$nulls":3},"June",6]
[{"$nulls":3},"July",7]
[{"$nulls":3},"August",8]
[{"$nulls":3},"September",9]
[{"$nulls":3},"October",10]
[{"$nulls":3},"November",11]
[{"$nulls":3},"December",12]